UM Logo

Projecting college and grade 11 students population of UMDC for the S.Y. 2016-2017/ (Record no. 2446)

MARC details
000 -LEADER
fixed length control field 00606nam a22001577a 4500
008 - FIXED-LENGTH DATA ELEMENTS--GENERAL INFORMATION
fixed length control field 160513b xxu||||| |||| 00| 0 eng d
082 ## - DEWEY DECIMAL CLASSIFICATION NUMBER
Edition number 2015
Classification number UT 0585
Item number R86
100 ## - MAIN ENTRY--PERSONAL NAME
9 (RLIN) 8075
Personal name Rulida, Leonardo S.
Numeration Jr.
245 ## - TITLE STATEMENT
Title Projecting college and grade 11 students population of UMDC for the S.Y. 2016-2017/
Statement of responsibility, etc. Leonardo S. Rulida Jr., Jerald E. Torres and Ian Dave J. Abad.
260 ## - PUBLICATION, DISTRIBUTION, ETC. (IMPRINT)
Place of publication, distribution, etc. Digos City:
Name of publisher, distributor, etc. UMDC
Date of publication, distribution, etc. August 2015.
300 ## - PHYSICAL DESCRIPTION
Extent 78 pages;
Dimensions 29 cm.
650 #0 - SUBJECT ADDED ENTRY--TOPICAL TERM
9 (RLIN) 8074
Topical term or geographic name as entry element Education
General subdivision Mathematics
Chronological subdivision Undergraduate thesis.
700 ## - ADDED ENTRY--PERSONAL NAME
9 (RLIN) 8071
Personal name Torres, Jerald E.
700 ## - ADDED ENTRY--PERSONAL NAME
9 (RLIN) 8072
Personal name Abad, Ian Dave J.
942 ## - ADDED ENTRY ELEMENTS (KOHA)
Source of classification or shelving scheme Dewey Decimal Classification
Koha item type Undergraduate Thesis
Holdings
Withdrawn status Lost status Source of classification or shelving scheme Damaged status Not for loan Collection code Home library Current library Date acquired Total Checkouts Full call number Barcode Date last seen Price effective from Koha item type
    Dewey Decimal Classification     Undergraduate Theses UM Digos College - LIC UM Digos College - LIC 05/13/2016   UT 0585 R86 2015 UT0585 05/13/2016 05/13/2016 Undergraduate Thesis